000 00376pab a2200157 454500
008 180718b2004 xxu||||| |||| 00| 0 eng d
100 _aMuthamma, C.B.
245 _aA tainted system
260 _c2004
300 _ap.7-11.
362 _a16 Oct
650 _aIndia - Politics and government
650 _aPolitics and government
773 _aMainstream
909 _a62876
999 _c62876
_d62876